El ecosistema lagunar /

Guardado en:
Autor Principal: Schnak, Alberto J.
Otros Autores: Freyre, Lauce R., Padín, Oscar.
Formato: Libro
Idioma:Spanish
Publicado: La Plata : Dirección Provincial de Recursos Naturales y Ecología, 1983.
Etiquetas: Agregar Etiqueta
Sin Etiquetas, Sea el primero en etiquetar este registro!
LEADER 00579nam a22001695a 4500
001 EEA.libagro004759
005 20181029093215.0
008 130809s1983####ag#a##########000#0#spa#d
082 0 4 |a 574.52632 
082 0 4 |a 333.9163 
100 1 |a Schnak, Alberto J. 
245 1 3 |a El ecosistema lagunar /  |c Alberto J. Schnak, Lauce R. Freyre, Oscar Padín. 
260 |a La Plata :  |b Dirección Provincial de Recursos Naturales y Ecología,  |c 1983. 
300 |a 17 p. :  |b il. ;  |c 23 cm. 
700 1 |a Freyre, Lauce R. 
700 1 |a Padín, Oscar. 
859 |a AR-BbBCA  |b BIB. AGRONOMIA  |h 574.52632  |i S357  |p 1994/2007